Η οργάνωση των επιχειρήσεων και ο μύθος της οικονομίας της αγοράς

Αποθηκεύτηκε σε:
Λεπτομέρειες βιβλιογραφικής εγγραφής
Κύριος συγγραφέας: Lazonick, William
Άλλοι συγγραφείς: Ματάλας, Παρασκευάς (Μεταφραστής)
Μορφή: Βιβλίο
Γλώσσα:Greek
English
Δημοσίευση: Ηράκλειο : Πανεπιστημιακές Εκδόσεις Κρήτης, 2001.
Σειρά:Ιστορία και κοινωνία (Πανεπιστημιακές Εκδόσεις Κρήτης)
Θέματα:
Ετικέτες: Προσθήκη ετικέτας
Δεν υπάρχουν, Καταχωρήστε ετικέτα πρώτοι!

MARC

LEADER 00000cam a2200000 i 4500
001 1/48789
008 070720s2001 gr | ||| |||| ||gre||
020 |a 9605241293 
035 |l 10089012 
040 |a GR-MyUa  |b gre  |e AACR2 
041 1 |a gre  |h eng 
082 7 |a 330.122  |2 (22) 
100 1 |a Lazonick, William. 
245 1 2 |a Η οργάνωση των επιχειρήσεων και ο μύθος της οικονομίας της αγοράς /   |c William Lazonick ; απόδοση στα ελληνικά Παρασκευάς Ματάλας.  
260 |a Ηράκλειο :   |b Πανεπιστημιακές Εκδόσεις Κρήτης,   |c 2001.  
300 |a xiv, 515 σ. ;   |c 24 εκ.  
490 1 |a (Ιστορία και κοινωνία / Πανεπιστημιακές Εκδόσεις Κρήτης)  
500 |a Με πρόλογο του συγγραφέα για την ελληνική έκδοση. 
504 |a Περιλαμβάνει βιβλιογραφικές αναφορές και ευρετήριο.  
650 0 |a Free enterprise  |x History  |y 20th century. 
650 0 |a Capitalism  |x History  |y 20th century. 
650 0 |a Economics  |x History  |y 20th century. 
700 1 |a Ματάλας, Παρασκευάς,  |e trl 
765 0 8 |i  Μετάφραση του:   |t Business organization and the myth of the market economy /  
830 0 |a Ιστορία και κοινωνία (Πανεπιστημιακές Εκδόσεις Κρήτης) 
852 |a INST  |b CHIOS  |e 20070720  |h 330.122 LAZ  |p 005200026040  |q 005200026040  |t BK  |y 0 
852 |a INST  |b SAMOS  |c EUDOXUS  |e 20131025  |h 330.122 LAZ  |p 005300040755  |q 005300040755  |t EDX  |y 0 
852 |a INST  |b SAMOS  |c EUDOXUS  |e 20131025  |h 330.122 LAZ  |p 005300040756  |q 005300040756  |t EDX  |y 0 
901 |a BIBL3-2013-3 
901 |a BIBL2-2007-2 
920 |a ΕΥΔΟΞΟΣ  |b ΠΑΡΑΓΓΕΛΙΑ  |y Σάμος-ΤΣΑΧΜ  |z 2013-05 
922 |a 2ΕΛΗ  |b 200707  |c ΕΠΕΑΕΚ2/ΤΝΕΥ  |d ΠΑΤΑΚΗΣ 
970 |a Βάρφης   |b Βαγγέλης   |z 2007/07/20